| 000 | 00728nam a2200229 4500 | ||
|---|---|---|---|
| 003 | OSt | ||
| 005 | 20240628050402.0 | ||
| 006 | a | ||
| 008 | 240628b |||||||| |||| 00| 0 eng d | ||
| 020 | _a9780137039722 | ||
| 040 |
_aDWCL-Main lib. _cOC |
||
| 082 |
_2Sixth edition _aCirc. 371.102 B734o 2011 |
||
| 100 | _aBorich, Gary D. | ||
| 245 | _aObservation skills for effective teaching / | ||
| 250 | _aSixth edition | ||
| 260 |
_aBoston : _bPearson Education, Inc. , _cc2011. |
||
| 300 |
_axxi, _b289 p. : ill. ; _c28 cm. |
||
| 504 | _aIncludes bibliographical references & index. | ||
| 650 | _a1. Observation (Educational method). | ||
| 650 | _a2. Effective teaching. | ||
| 942 |
_2ddc _n0 _cBK-CIRC _eSixth edition _kCirc. |
||
| 999 |
_c1572 _d1572 |
||